000 00648nam a2200193Ia 4500
003 GCL
008 140319s9999 xx 000 0 ara d
040 _aGCL /
_cGCL
082 0 4 _a338.9
_bب ت
100 1 _aاحمد القصير
245 1 0 _aالتنمية الاقتصادية فى الدول النامية (هدية الاديب عبدالفتاح الجمل) /
_cاحمد القصير
700 1 _aبوجنار، جوزيف
300 _a99 ص
490 _aالمكتبة الثقافية
_v0
650 0 4 _aالاقتصاد
650 0 4 _aالدول النامية
650 0 4 _aالتنمية الاقتصادية
942 _2ddc
_cBK
999 _c38103
_d38103